Kritika v pohybu : literární kritika a metakritika 90. let 20. století /

Hlavní autor: Lollok, Marek, 1985-
Jazyk: Čeština
Vydáno: Brno : Masarykova univerzita, 2019
Vydání: Vydání první
Edice: Spisy Filozofické fakulty Masarykovy univerzity = Opera Facultatis philosophicae Universitatis Masarykianae, 497
Témata:
Fyzický popis: 184 stran ; 23 cm
Language note: Česká a anglické resumé
Knihy
Uloženo v:
LEADER 02089nam a2200541 i 4500
001 nkc20193148796
003 CZ PrNK
005 20240712103611.0
007 ta
008 191018s2019 xr f 000 0 cze
015 |a cnb003148796 
020 |a 978-80-210-9416-1  |q (brožováno) 
035 |a (OCoLC)1143817971 
040 |a ABA001  |b cze  |e rda 
041 0 |a cze  |b cze  |b eng 
043 |a e-xr--- 
045 |a x9y0 
072 7 |a 82-9  |x Literární kritika, věcná literatura a různé další žánry  |2 Konspekt  |9 11 
080 |a 82-95  |2 MRF 
080 |a 82-027.22  |2 MRF 
080 |a (437.3)  |2 MRF 
080 |a (048.8)  |2 MRF 
100 1 |a Lollok, Marek,  |d 1985-  |7 av2016918935  |4 aut 
245 1 0 |a Kritika v pohybu :  |b literární kritika a metakritika 90. let 20. století /  |c Marek Lollok 
250 |a Vydání první 
264 1 |a Brno :  |b Masarykova univerzita,  |c 2019 
300 |a 184 stran ;  |c 23 cm 
336 |a text  |b txt  |2 rdacontent 
337 |a bez média  |b n  |2 rdamedia 
338 |a svazek  |b nc  |2 rdacarrier 
490 1 |a Spisy Filozofické fakulty Masarykovy univerzity =  |a Opera Facultatis philosophicae Universitatis Masarykianae,  |x 1211-3034 ;  |v 497 
500 |a 300 výtisků 
504 |a Obsahuje bibliografii a bibliografické odkazy 
546 |a Česká a anglické resumé 
648 7 |a 1991-2000  |7 ch460587  |2 czenas 
650 0 7 |a literární kritika  |7 ph115157  |z Česko  |y 1991-2000  |2 czenas 
650 0 7 |a literární život  |7 ph122405  |z Česko  |y 1991-2000  |2 czenas 
650 0 9 |a literary criticism  |z Czechia  |y 1991-2000  |2 eczenas 
650 0 9 |a literary life  |z Czechia  |y 1991-2000  |2 eczenas 
655 7 |a monografie  |7 fd132842  |2 czenas 
655 9 |a monographs  |2 eczenas 
810 2 |a Masarykova univerzita.  |b Filozofická fakulta.  |t Spisy  |0 s 
910 2 |a BOA001  |b 2-1442.391 
990 |a BK 
995 |a 01 
991 |b 202002  |c NOV 
996 6 |b 2610814071  |c 2-1442.391  |l MZK  |r Sklad / do 1 hodiny  |n 0  |p p.v.  |w 001780999  |u 000010  |a 1  |e BOA001  |j MZK50  |s P 
996 7 |b 2610814072  |c 2-1442.391  |l Vol.výběr  |r VV 1p  |n 3  |p p.v.  |h 82.0 LOL  |w 001780999  |u 000020  |a 0  |e BOA001  |j MZK50  |s A